Confederación Española de Familias de Personas Sordas

Biblioteca

Vista normal Vista MARC
  • Hernández Moreno, M. ª José Yolanda

Entrada Nombre de persona

Número de registros utilizados en: 3

001 - NÚMERO DE CONTROL

  • campo de control: 1254

003 - IDENTIFICADOR DEL NÚMERO DE CONTROL

  • campo de control: ES-MaFIAP

005 - FECHA Y HORA DE LA ÚLTIMA TRANSACCIÓN

  • campo de control: 20231011121408.0

008 - DATOS DE LONGITUD FIJA

  • campo de control de longitud fija: 231011|| aca||aabn | a|a d

040 ## - FUENTE DE LA CATALOGACIÓN

  • Centro catalogador/agencia de origen: ES-MaFIAP

100 10 - ENCABEZAMIENTO-NOMBRE DE PERSONA

  • Nombre de persona: Hernández Moreno, M. ª José Yolanda

Esta web es posible gracias a:

Ministerio de Asuntos Sociales y Agenda 2030 Ministerio de Asuntos Sociales y Agenda 2030 Fundación ONCE

© FIAPAS 2015 | Servicio Telesor Aviso Legal y Política de Privacidad | Política de cookies | Acerca de FIAPAS
Confederación Española de Familias de Personas Sordas - C/ Pantoja, 5 (Local) – 28002 Madrid – / Tel: 91 576 51 49 – Fax: 91 576 57 46

Con tecnología Koha